[Event "CZE-ch Junior 2020"]
[Site "Kouty nad Desnou"]
[Date "2020.03.11"]
[Round "7.3"]
[White "Mica, Marek"]
[Black "Finek, Vaclav"]
[Result "1-0"]
[WhiteElo "2306"]
[BlackElo "2211"]
[Annotator "TA"]
[PlyCount "72"]
[EventDate "2020.03.07"]
[EventCountry "CZE"]
[SourceTitle "playchess.com"]
[Source "ChessBase"]
[SourceQuality "1"]

{[%evp 9,72,0,0,0,0,-2,7,0,0,0,8,0,0,0,8,-17,-18,-19,12,0,31,35,36,38,35,16,11,13,14,0,17,5,54,0,31,23,98,87,84,79,92,67,53,0,25,0,91,91,126,131,778,782,777,775,768,767,733,724,731,718,29995,29996,29996,29997,29997]} 1. d4 Nf6 2. Bf4 g6 3. Nc3 d5 4. e3 Bg7 5. h4 c6 6. Be2 {A45: Trompowsky Attack.} h5 7. Nf3 Bg4 8. Ne5 {[%cal Re5g4] The position is equal.} Bxe2 9. Qxe2 Nbd7 10. O-O-O Nxe5 11. Bxe5 b5 12. Qd3 Kf8 13. f3 Qa5 14. Kb1 b4 15. Ne2 {[#]} Nd7 $146 ({Predecessor:} 15... Qb5 16. Nf4 Qb6 17. Qd2 Nd7 18. Bxg7+ Kxg7 19. e4 dxe4 20. fxe4 e5 21. Ne2 exd4 22. Nxd4 Nf6 23. Qg5 c5 24. Nf5+ Kg8 25. Nd6 Ng4 26. Nxf7 Rh7 {1-0 (26) Esipenko,A (2609)-Gutenev,A (2456) Sochi 2018}) 16. Bxg7+ Kxg7 17. g4 {And now gxh5 would win.} Nf6 18. gxh5 Nxh5 19. Rdg1 Qb5 20. Qd2 e6 21. e4 ({White should play} 21. Nc1 $1 $14) 21... Kf8 22. Nf4 {[%cal Be2f4,Bf4d3,Bd3c5][%mdl 32]} Ke7 {[#]} (22... Qb6 $11 {remains equal.}) 23. Nd3 $1 $16 Rad8 24. Qg5+ Ke8 25. Nc5 Qb8 26. Rg4 (26. e5 $14) 26... Qc7 27. Re1 Rg8 (27... Qe7 $1 $11) 28. Qh6 $36 {[%mdl 2048] Keeping Black busy.} dxe4 29. Rgxe4 ({Don't play} 29. Nxe4 $6 Qe7 $11) 29... Nf6 $2 {[%mdl 8192] [#] Now Black is done in.} (29... Rd6 $16) 30. Nxe6 $1 $18 {[%mdl 512]} fxe6 31. Rxe6+ {[%mdl 64] Double Attack} Kf7 {[#]} 32. Qg5 $1 {[%csl Ge6][%cal Rg5f6]} Nd5 33. h5 Rdf8 34. f4 {[%cal Rh5g6]} Qd8 35. hxg6+ Kg7 {[#]} 36. Qh6+ $1 {[%mdl 512]} Kxh6 {Accuracy: White = 85%, Black = 60%.} 1-0

[Event "CZE-ch Junior 2020"]
[Site "Kouty nad Desnou"]
[Date "2020.03.11"]
[Round "7.4"]
[White "Sprenar, Petr"]
[Black "Eret, Jonas"]
[Result "1-0"]
[WhiteElo "2302"]
[BlackElo "2211"]
[Annotator "TA"]
[PlyCount "83"]
[EventDate "2020.03.07"]
[EventCountry "CZE"]
[SourceTitle "playchess.com"]
[Source "ChessBase"]
[SourceQuality "1"]

{[%evp 13,83,36,43,28,20,13,37,37,72,76,118,120,114,101,106,101,118,10,10,0,0,0,0,-14,-10,-103,-81,-68,-67,-223,-206,-187,-29,-39,0,0,0,-107,-101,-266,0,0,0,0,0,-2,-2,-4,178,172,189,199,274,247,247,197,185,108,278,272,554,518,566,555,892,839,1117,1357,1453,1457,1014,975]} 1. d4 Nf6 2. c4 e6 3. g3 d5 4. Nf3 c6 5. Qc2 Nbd7 6. Bg2 Ne4 7. O-O Bd6 8. b3 {E01: Catalan: Early deviations.} f5 9. Bb2 Qf6 10. Nc3 {White is slightly better.} g5 11. Nxe4 {[#]} dxe4 $146 ({Predecessor:} 11... fxe4 12. Ne1 h5 13. f3 e3 14. f4 h4 15. fxg5 Qxg5 16. Nf3 Qg4 17. Nxh4 Bxg3 18. hxg3 Rg8 19. Rf3 Nf6 20. Rxf6 Qxg3 21. Qh7 {1-0 (21) Eljanov,V (2426)-Bruehl,A (2305) Bled 2002}) 12. d5 $1 e5 13. dxc6 bxc6 14. Nd2 g4 15. Nxe4 (15. c5 $16 Be7 16. Nc4) 15... fxe4 $11 16. Qxe4 Bb7 17. Qxg4 h5 18. Qe4 h4 19. Rfd1 (19. Rad1 $11 O-O-O 20. h3) 19... hxg3 $17 20. hxg3 O-O-O $1 $36 {[%mdl 2048] Black has the initiative.} 21. a3 $2 (21. b4 $15) 21... Rdf8 $1 $19 {[%csl Gf8][%cal Rf6f2]} 22. Bf3 Nc5 $2 ({Black should try} 22... Qh6 $19 {Hoping for ...Bc5!} 23. b4 Rxf3 $1 {[%mdl 512]} 24. Qxf3 c5) 23. Qe3 $1 $11 {And now Bg4+ would win.} Rhg8 24. Rd2 {Threatening Rad1.} Bc7 {aiming for ...Qf4.} 25. Rad1 {[#]} (25. Qxc5 $11 Rxg3+ 26. fxg3) 25... Ne6 $1 $17 {Threatens to win with ...Rxg3+!} 26. Qxa7 $2 {[#]} (26. b4 $17) 26... Nd4 $2 (26... Qf5 $1 $19 {...Nf4 is the strong threat.} 27. Qe3 (27. Rd7 $2 e4 $19) 27... Ng5) 27. Bxd4 $11 exd4 28. Qxd4 ({Don't play} 28. Rxd4 Bxg3 29. Rg4 (29. fxg3 $2 Rxg3+ 30. Kf1 Rxf3+ {[%mdl 64] Double Attack} 31. Ke1 Qe5 $19) 29... Bb8 $17) 28... Qxd4 29. Rxd4 Bb6 30. Rg4 Rh8 $2 (30... Bxf2+ $1 $11 {and Black is okay.} 31. Kg2 Be3) 31. Rg7 Kb8 32. b4 Rf6 (32... Rfg8 $142 33. Rxg8+ Rxg8) 33. c5 $18 Bd8 34. Rdd7 Bc8 35. Rd6 (35. Ra7 $18) 35... Rhf8 $2 (35... Rxd6 $16 36. cxd6 Rh6) 36. Rxc6 Rxf3 $2 (36... Rxc6 {was necessary.} 37. Bxc6 Bf6) 37. exf3 {White is clearly winning.} Bb7 38. Rcg6 Rxf3 39. Rg8 Rd3 40. Rd6 Rxd6 41. cxd6 Kc8 42. a4 {Quite a comeback for White. Accuracy: White = 62%, Black = 51%.} 1-0

[Event "CZE-ch Junior 2020"]
[Site "Kouty nad Desnou"]
[Date "2020.03.11"]
[Round "7.5"]
[White "Simet, Martin"]
[Black "Stinka, Jakub"]
[Result "1-0"]
[WhiteElo "2218"]
[BlackElo "2263"]
[Annotator "TA"]
[PlyCount "89"]
[EventDate "2020.03.07"]
[EventCountry "CZE"]
[SourceTitle "playchess.com"]
[Source "ChessBase"]
[SourceQuality "1"]

{[%evp 17,89,0,4,-12,-3,-23,-21,-36,-8,-33,-39,-77,-44,-41,-17,-17,-25,-42,-20,-27,-25,-31,-26,-25,-23,-46,-22,-46,-30,-25,-14,-8,0,0,0,0,0,0,12,4,13,5,10,20,45,40,28,16,58,46,86,83,77,70,108,110,307,301,758,277,330,340,1668,715,761,771,29995,720,29986,29987,29987,29988,29989,29990]} 1. b3 d5 2. Bb2 Bg4 3. g3 Nd7 4. Bg2 Ngf6 5. Nf3 e6 6. d3 Bd6 7. Nbd2 O-O 8. O-O e5 9. c4 c6 10. Qc2 {A12: English Opening: 1...c6 with b3 by White.} h6 11. Rfe1 Qe7 {[#]} 12. Nf1 $146 {The position is equal.} ({Predecessor:} 12. h3 Bf5 13. e4 Bh7 14. a3 a5 15. Nh4 Qd8 16. Nf5 Bc5 17. Nf3 Re8 18. g4 dxe4 19. dxe4 {½-½ (27) Hadzimanolis,A (2331)-Dubov,D (2456) St Petersburg 2010}) 12... Be6 13. Rad1 a5 14. a3 Rfe8 15. Qc1 Qd8 16. d4 {[%cal Rd4e5]} e4 17. Ne5 Ng4 18. Nxg4 Bxg4 19. f3 exf3 20. exf3 Be6 21. Ne3 Nf6 22. Re2 Qd7 23. Rde1 Re7 24. Qc3 a4 25. c5 Bc7 26. b4 Rae8 27. Qc2 h5 28. Qxa4 h4 29. Nf1 $1 ({Don't go for} 29. gxh4 $2 Nh5 $19) 29... Nh5 {[%cal Rh4g3]} 30. Kf2 $1 ({Avoid the trap} 30. gxh4 $2 Nf4 $19) 30... Bb8 31. Bc1 Qc7 {[%cal Rh4g3]} 32. f4 g6 33. b5 b6 34. cxb6 $1 Qxb6 35. bxc6 {Hoping for Bxd5!} Ra7 {[#]} 36. Qd1 $1 {f5 is the strong threat.} Rd8 $2 {This move loses the game for Black.} (36... hxg3+ $16 37. hxg3 Qxc6) 37. f5 $18 gxf5 $2 (37... Bxf5 38. Re8+ Rxe8 39. Rxe8+ Kg7) 38. Rxe6 $2 (38. Rb2 Qxb2+ 39. Bxb2) 38... fxe6 39. Qxh5 Rg7 $2 (39... Qxd4+ 40. Be3 {[%mdl 64] Skewer} Qg4 41. Qxg4+ (41. Qxh4 Qxh4 42. gxh4 Ra6 $16) 41... fxg4 42. Bxa7 (42. gxh4 Ra6 $16) 42... Bxa7+ 43. Ne3 Rc8) 40. Qxh4 (40. Rxe6 $142 Qxd4+ 41. Be3) 40... Ba7 41. Rxe6 {Threatening mate with Re8+!} Rg4 {[#]} 42. Qe7 (42. Re8+ $142 $1 {[%mdl 512]} Kg7 (42... Rxe8 43. Bxd5+) 43. Qh6+ Kf7 44. Qe6+ Kg7 45. Qg8+ Kf6 46. Re6#) 42... f4 43. c7 {[%mdl 64] Discovered Attack. White mates.} Qxd4+ {[#]} 44. Kf3 $1 {[%cal Rc7d8][%mdl 64] Double Attack} Qd1+ 45. Re2 {Accuracy: White = 81%, Black = 57%.} 1-0

[Event "CZE-ch Junior 2020"]
[Site "Kouty nad Desnou"]
[Date "2020.03.11"]
[Round "7.6"]
[White "Skalsky, Alexandr"]
[Black "Sramek, Vojtech"]
[Result "1/2-1/2"]
[WhiteElo "2201"]
[BlackElo "2181"]
[Annotator "TA"]
[PlyCount "147"]
[EventDate "2020.03.07"]
[EventCountry "CZE"]
[SourceTitle "playchess.com"]
[Source "ChessBase"]
[SourceQuality "1"]

{[%evp 19,147,9,18,32,31,16,112,94,97,108,125,102,93,76,104,99,123,98,101,91,106,30,12,14,27,0,0,0,5,0,0,0,0,0,0,0,0,0,0,0,0,0,0,0,4,4,4,0,0,0,0,0,0,0,0,0,0,0,0,0,0,0,0,0,0,0,0,0,0,0,0,0,0,0,0,0,135,135,135,135,135,135,135,135,135,135,135,135,135,135,135,0,0,0,0,0,0,0,0,0,0,0,0,0,0,0,0,0,0,0,0,0,0,0,0,0,0,0,0,0,0,0,0,0,0,0,0,0,0,0]} 1. e4 d6 2. d4 Nf6 3. Nc3 g6 4. f4 Bg7 5. Nf3 c5 6. Bb5+ Bd7 7. e5 Ng4 8. Bxd7+ Qxd7 9. d5 dxe5 10. h3 e4 $1 {[%cal Re4f3]} 11. hxg4 {B09: Pirc Defence: Austrian Attack.} exf3 12. Qxf3 Qc7 (12... Na6 $11 {keeps the balance.}) 13. Bd2 $16 {White is better.} Nd7 14. O-O-O O-O-O 15. Nb5 Qb6 16. Bc3 Bxc3 17. Nxc3 {[#]} h6 $146 ({Predecessor:} 17... Nf6 18. g5 Ne8 19. Qe3 Qc7 20. Rh3 Nd6 21. g4 Rde8 22. Ne4 b6 23. b3 Kb8 {½-½ (44) Skliar,A (2313)-Borzov,D (2200) Alushta 2008}) 18. Qe2 Rde8 19. Qc4 Qb4 {[#]} 20. Qxb4 (20. Qf1 $1 $16) 20... cxb4 $11 21. Ne4 Nf6 22. Rd4 (22. d6 $5 {[%cal Re4f6]} Rd8 23. Nxf6 exf6 24. Rhe1 $14) 22... Nxe4 23. Rxe4 {[%mdl 4096] Endgame KRR-KRR} a5 24. Rhe1 Kd7 25. Kd2 h5 26. g5 h4 27. R1e3 Kd6 28. Kd3 b6 29. Re5 h3 30. gxh3 Rh4 31. f5 gxf5 32. Rxf5 Rg8 33. c4 bxc3 34. bxc3 Rg7 35. c4 Rh5 36. Rg3 f6 37. Re3 fxg5 38. Rfe5 Rg6 39. Re6+ Rxe6 40. Rxe6+ {KR-KR} Kd7 41. Rxb6 Rxh3+ 42. Kd4 g4 43. Rg6 Rg3 44. Kc5 Rg1 45. Kb6 g3 46. c5 {[#] Threatens to win with c6+.} Rb1+ $1 47. Kxa5 Rb2 (47... Rc1 $11) 48. Rxg3 $16 {Strongly threatening a4.} Rxa2+ 49. Kb5 Rb2+ 50. Kc4 Rc2+ 51. Rc3 Rd2 52. Ra3 Rc2+ 53. Kb4 {Hoping for Ra7+.} Rd2 54. Ra7+ Kd8 55. Kb5 (55. Kc4 $16) 55... Rxd5 $11 {The position is equal.} 56. Kc6 {[%cal Ra7a8]} e6 57. Rh7 Rd1 58. Rh8+ Ke7 59. Kc7 e5 60. c6 e4 61. Rh4 Re1 62. Kb7 Rb1+ 63. Kc8 Kd6 64. c7 Rc1 65. Kd8 Kd5 (65... Rxc7 {with more complications.} 66. Rh6+ Kd5 67. Kxc7 e3 68. Rh8 Ke4) 66. c8=Q Rxc8+ 67. Kxc8 {KR-KP} e3 68. Rh1 Ke4 69. Kc7 e2 70. Kc6 Kd3 71. Kd5 Kd2 72. Rh2 Kd1 73. Rxe2 Kxe2 74. Ke4 {Accuracy: White = 91%, Black = 92%.} 1/2-1/2

[Event "CZE-ch Junior 2020"]
[Site "Kouty nad Desnou"]
[Date "2020.03.12"]
[Round "8.1"]
[White "Brejnik, Gustav"]
[Black "Sramek, Vojtech"]
[Result "1/2-1/2"]
[WhiteElo "2259"]
[BlackElo "2181"]
[Annotator "RC"]
[PlyCount "67"]
[EventDate "2020.03.07"]
[EventCountry "CZE"]
[SourceTitle "playchess.com"]
[Source "ChessBase"]
[SourceQuality "1"]
[TimeControl "5400+30"]

1. d4 {[%emt 0:00:00]} d5 {[%emt 0:00:00]} 2. c4 {[%emt 0:00:00]} c6 {[%emt 0:00:00]} 3. Nf3 {[%emt 0:00:00]} Nf6 {[%emt 0:00:00]} 4. e3 {[%emt 0:00:00]} Bf5 {[%emt 0:00:30]} 5. Nc3 {[%emt 0:00:52]} e6 {[%emt 0:00:21]} 6. Nh4 {[%emt 0:00:26]} Bg6 {[%emt 0:00:09]} 7. Be2 {[%emt 0:02:06]} Bd6 {[%emt 0:02:42]} 8. Bd2 {[%emt 0:06:50]} Nbd7 {[%emt 0:03:32]} 9. Nxg6 {[%emt 0:04:45]} hxg6 {[%emt 0:00:07]} 10. g3 {[%emt 0:00:08]} O-O {[%emt 0:11:01]} 11. O-O {[%emt 0:14:15]} dxc4 {[%emt 0:16:39]} 12. Bxc4 {[%emt 0:00:24]} e5 {[%emt 0:00:10]} 13. dxe5 {[%emt 0:02:09]} Nxe5 {[%emt 0:00:07]} 14. Bb3 {[%emt 0:01:25]} Qe7 {[%emt 0:07:04]} 15. Qe2 {[%emt 0:01:34]} g5 {[%emt 0:10:29]} 16. f4 {[%emt 0:30:03]} gxf4 {[%emt 0:00:16]} 17. gxf4 {[%emt 0:00:04]} Ng6 {[%emt 0:08:53]} 18. e4 {[%emt 0:05:35]} Bc5+ {[%emt 0:02:08]} 19. Kh1 {[%emt 0:00:25]} Rfe8 {[%emt 0:09:37]} 20. f5 {[%emt 0:10:20]} Ne5 {[%emt 0:01:28]} 21. Bg5 {[%emt 0:00:04]} Rad8 {[%emt 0:02:20]} 22. Rad1 {[%emt 0:02:57]} Rxd1 {[%emt 0:02:01]} 23. Rxd1 {[%emt 0:00:35]} Rd8 {[%emt 0:08:24]} 24. h3 {[%emt 0:02:06]} Rxd1+ {[%emt 0:01:20]} 25. Qxd1 {[%emt 0:00:11]} Ned7 {[%emt 0:00:49]} 26. a3 {[%emt 0:05:42]} Bd6 {[%emt 0:01:07]} 27. Qd4 {[%emt 0:01:37]} Nc5 {[%emt 0:03:16]} 28. Bxf6 {[%emt 0:01:00]} gxf6 {[%emt 0:00:18]} 29. Bc2 {[%emt 0:01:09]} Be5 {[%emt 0:04:23]} 30. Qe3 {[%emt 0:00:11]} Qd6 {[%emt 0:00:40]} 31. b4 {[%emt 0:02:03]} Nd7 {[%emt 0:01:21]} 32. Ne2 {[%emt 0:01:01]} c5 {[%emt 0:01:25]} 33. Bb3 {[%emt 0:00:42]} cxb4 {[%emt 0:01:41]} 34. Qh6 1/2-1/2

[Event "CZE-ch Junior 2020"]
[Site "Kouty nad Desnou"]
[Date "2020.03.12"]
[Round "8.2"]
[White "Stinka, Jakub"]
[Black "Skalsky, Alexandr"]
[Result "1/2-1/2"]
[WhiteElo "2263"]
[BlackElo "2201"]
[Annotator "TA"]
[PlyCount "60"]
[EventDate "2020.03.07"]
[EventCountry "CZE"]
[SourceTitle "playchess.com"]
[Source "ChessBase"]
[SourceQuality "1"]

{[%evp 18,60,18,3,24,20,35,6,16,0,25,20,21,10,8,0,0,0,0,0,6,-1,0,-1,29,28,37,0,6,-18,0,0,0,0,0,0,10,0,36,36,36,36,36,36,19]} 1. d4 Nf6 2. c4 g6 3. Nf3 Bg7 4. g3 d5 5. cxd5 Nxd5 6. Bg2 Nb6 7. Nc3 Nc6 8. e3 O-O 9. O-O Re8 10. Re1 a5 {D76: Fianchetto Grünfeld: Main Line with 7...Nb6.} 11. Qe2 Be6 12. Nd2 a4 {The position is equal.} 13. Rb1 {[#]} f5 $146 ({Predecessor:} 13... Bf5 14. Nde4 e5 15. d5 Ne7 16. Rd1 Nexd5 17. Nxd5 Nxd5 18. Qb5 Qe7 19. Qxb7 Reb8 {½-½ (73) Ruck,R (2562)-Martinovic,S (2527) Slovenia 2011}) 14. b3 axb3 15. axb3 Nd5 16. Bb2 Nxc3 17. Bxc3 Bd5 18. Bxd5+ Qxd5 19. Qc4 e6 20. Ra1 b5 21. Qxd5 exd5 22. Kf1 Bf8 23. Ke2 Kf7 24. Kd3 Ke6 25. Nf3 Kd7 26. h4 h5 27. Rec1 Ba3 {[#] Strongly threatening ...b4.} 28. Rc2 {White is slightly better.} Bd6 {Hoping for ...Rxa1.} 29. Rca2 Rxa2 30. Rxa2 Rb8 {Accuracy: White = 93%, Black = 83%.} 1/2-1/2

[Event "CZE-ch Junior 2020"]
[Site "Kouty nad Desnou"]
[Date "2020.03.12"]
[Round "8.4"]
[White "Finek, Vaclav"]
[Black "Sprenar, Petr"]
[Result "1-0"]
[WhiteElo "2211"]
[BlackElo "2302"]
[Annotator "TA"]
[PlyCount "65"]
[EventDate "2020.03.07"]
[EventCountry "CZE"]
[SourceTitle "playchess.com"]
[Source "ChessBase"]
[SourceQuality "1"]

{[%evp 13,65,23,23,19,32,20,22,-1,29,35,34,28,36,0,0,14,11,14,35,34,43,43,22,12,14,14,15,20,21,1,29,66,273,283,733,718,720,774,744,685,456,452,465,463,392,328,300,312,322,311,541,542,29996,29997]} 1. d4 d5 2. c4 e6 3. Nc3 Nf6 4. cxd5 exd5 5. Bg5 c6 6. e3 Nbd7 7. Bd3 Be7 8. h3 {D35: Queen's Gambit Declined: Exchange Variation.} Ne4 9. Bf4 Ndf6 10. Qc2 {The position is equal.} Nxc3 11. bxc3 O-O 12. Nf3 {[#]} c5 $146 ({Predecessor:} 12... Bd6 13. Bxd6 Qxd6 14. O-O Re8 15. Ne5 Be6 16. a4 c5 17. Rfb1 c4 18. Bf5 Rab8 {½-½ (60) Soares,L (1933)-Mota,N (1916) Barbacena 2019}) 13. O-O c4 14. Be2 $1 g6 15. Ne5 Nd7 16. Rfd1 Nxe5 17. dxe5 {Strongly threatening Bxc4!} Qa5 18. Qb2 Ba3 19. Qd2 Be6 20. Bg5 b5 21. Bf6 {White wants to play e4!} Rfc8 22. Rab1 Rab8 $2 {Now Black is done in.} ({Black should try} 22... Bf8 $14) 23. e4 $1 $18 {[%cal Re4d5]} dxe4 $2 {[#]} (23... Bf8 24. exd5 Bf5) 24. Rb4 $1 {[%mdl 512]} e3 {[#]} (24... Bxb4 25. cxb4) 25. Qxe3 $1 {[%mdl 512]} Bxb4 26. cxb4 Qxb4 {[#] ...Qf8 is the strong threat.} 27. Rd6 $1 {White threatens Qh6 and mate.} Qb1+ {[#]} 28. Kh2 $1 {Qh6 would kill now.} g5 {[#]} 29. Bd3 $1 {[%mdl 512]} Qxd3 ({Not} 29... cxd3 30. Qxg5+ Kf8 31. Qg7+ Ke8 32. Qh8#) 30. Rxd3 cxd3 31. Bxg5 {Intending Bh6 and mate.} ({Don't play} 31. Qxg5+ $6 Kf8 $18) 31... Kf8 $2 (31... Bc4 {was necessary.} 32. Bf6 (32. Qxa7 d2 $18) 32... Kf8 33. Qxa7 h6) 32. Qxa7 {White wants to mate with Qe7+.} Rd8 33. Qe7+ {Accuracy: White = 100%, Black = 60%.} 1-0

[Event "CZE-ch Junior 2020"]
[Site "Kouty nad Desnou"]
[Date "2020.03.12"]
[Round "8.6"]
[White "Riha, Vojtech"]
[Black "Bulockin, Martin"]
[Result "1/2-1/2"]
[WhiteElo "2306"]
[BlackElo "2218"]
[Annotator "TA"]
[PlyCount "60"]
[EventDate "2020.03.07"]
[EventCountry "CZE"]
[SourceTitle "playchess.com"]
[Source "ChessBase"]
[SourceQuality "1"]

{[%evp 18,60,25,0,0,0,0,-21,-4,-6,2,-7,-1,8,28,27,23,19,19,25,23,22,20,13,43,23,20,20,20,20,22,0,0,0,0,0,0,0,0,0,0,0,0,0,0]} 1. e4 c5 2. Ne2 Nc6 3. Nbc3 Nf6 4. g3 d5 5. exd5 Nxd5 6. Bg2 e6 7. O-O Nxc3 8. bxc3 Be7 9. Rb1 O-O 10. d3 Qc7 {B23: Closed Sicilian: Lines without g3.} 11. Bf4 {[#]} Bd6 $146 ({Predecessor:} 11... e5 12. Be3 Be6 13. c4 Rad8 14. Qc1 b6 15. f4 Nd4 16. Bxd4 cxd4 17. f5 Bd7 18. g4 {1-0 (35) Movsesian,S (2640)-Holmsten,A (2400) Elista 1998}) 12. Qd2 Rb8 13. d4 cxd4 {[#] And now ...e5 would win.} 14. cxd4 Rd8 15. Bxd6 Rxd6 16. c4 b6 17. Qf4 Ne7 18. c5 Rd7 19. Qxc7 Rxc7 20. Nc3 {[#] Strongly threatening Nb5.} Ba6 21. Nb5 Bxb5 22. Rxb5 {The position is equal.} g6 23. a4 Nf5 $1 24. cxb6 (24. Rd1 {seems wilder.} Rd7 25. d5 Rdd8 26. g4 Nh4 27. Rdb1) 24... Rxb6 25. Rxb6 axb6 $11 {KRB-KRN} 26. Rb1 Rc4 27. d5 exd5 28. Bxd5 Rxa4 29. Rxb6 Ra1+ 30. Kg2 Ra5 {An uneventful encounter. Accuracy: White = 100%, Black = 94%.} 1/2-1/2

[Event "CZE-ch Junior 2020"]
[Site "Kouty nad Desnou"]
[Date "2020.03.12"]
[Round "9.1"]
[White "Bulockin, Martin"]
[Black "Brejnik, Gustav"]
[Result "1/2-1/2"]
[WhiteElo "2218"]
[BlackElo "2259"]
[Annotator "RC"]
[PlyCount "105"]
[EventDate "2020.03.07"]
[EventType "swiss"]
[EventCountry "CZE"]
[SourceTitle "playchess.com"]
[Source "ChessBase"]
[SourceQuality "1"]
[TimeControl "5400+30"]

1. d4 {[%emt 0:00:00]} d5 {[%emt 0:06:24]} 2. Bf4 {[%emt 0:00:00]} c5 {[%emt 0:00:29]} 3. e3 {[%emt 0:00:09]} cxd4 {[%emt 0:00:06]} 4. exd4 {[%emt 0:00:26]} Nc6 {[%emt 0:00:03]} 5. c3 {[%emt 0:00:18]} Bf5 {[%emt 0:03:14]} 6. Nd2 {[%emt 0:01:51]} e6 {[%emt 0:00:28]} 7. Qb3 {[%emt 0:02:21]} Qd7 {[%emt 0:04:51]} 8. Ngf3 {[%emt 0:01:36]} Nge7 {[%emt 0:01:09]} 9. h3 {[%emt 0:02:39]} a6 {[%emt 0:07:12]} 10. a4 {[%emt 0:03:05]} h6 {[%emt 0:05:37]} 11. Be2 {[%emt 0:01:22]} Nc8 {[%emt 0:01:49]} 12. O-O {[%emt 0:02:14]} Bd6 {[%emt 0:06:16]} 13. Be3 {[%emt 0:04:03]} O-O {[%emt 0:00:33]} 14. Qd1 {[%emt 0:01:57]} Bc7 {[%emt 0:10:13]} 15. b4 {[%emt 0:09:05]} Nd6 {[%emt 0:01:04]} 16. Ne5 {[%emt 0:07:24]} Nxe5 {[%emt 0:05:57]} 17. dxe5 {[%emt 0:00:06]} Ne4 {[%emt 0:00:08]} 18. Nxe4 {[%emt 0:00:51]} Bxe4 {[%emt 0:00:06]} 19. Bc5 {[%emt 0:03:35]} Rfb8 {[%emt 0:09:30]} 20. Bd4 {[%emt 0:02:31]} Qd8 {[%emt 0:01:38]} 21. f3 {[%emt 0:04:23]} Bf5 {[%emt 0:03:40]} 22. Qd2 {[%emt 0:01:32]} Bb6 {[%emt 0:01:47]} 23. Rfc1 {[%emt 0:03:15]} Rc8 {[%emt 0:00:33]} 24. a5 {[%emt 0:09:14]} Bxd4+ {[%emt 0:00:05]} 25. cxd4 {[%emt 0:00:04]} Rxc1+ {[%emt 0:14:54]} 26. Rxc1 {[%emt 0:00:14]} Rc8 {[%emt 0:00:02]} 27. Rc5 {[%emt 0:00:37]} Rxc5 {[%emt 0:00:18]} 28. bxc5 {[%emt 0:00:09]} Qd7 {[%emt 0:05:52]} 29. Qc3 {[%emt 0:06:07]} Qc6 {[%emt 0:03:06]} 30. Qb3 {[%emt 0:00:46]} g5 {[%emt 0:01:34]} 31. Kf2 {[%emt 0:04:11]} Kg7 {[%emt 0:02:16]} 32. Ke3 {[%emt 0:01:41]} h5 {[%emt 0:00:43]} 33. Bd1 {[%emt 0:01:28]} Qc7 {[%emt 0:03:07]} 34. Qb6 {[%emt 0:00:22]} Qe7 {[%emt 0:00:01]} 35. Qd6 {[%emt 0:01:09]} Qe8 {[%emt 0:00:33]} 36. c6 {[%emt 0:01:48]} bxc6 {[%emt 0:01:36]} 37. Ba4 {[%emt 0:00:05]} Bb1 {[%emt 0:00:31]} 38. Bxc6 {[%emt 0:01:05]} Qc8 {[%emt 0:00:01]} 39. h4 {[%emt 0:05:18]} gxh4 {[%emt 0:01:05]} 40. Kf2 {[%emt 0:02:32]} Ba2 {[%emt 0:00:37]} 41. Kg1 {[%emt 0:01:34]} Qh8 {[%emt 0:00:00]} 42. Qe7 {[%emt 0:00:00]} Qh6 {[%emt 0:00:00]} 43. Qf6+ {[%emt 0:00:00]} Qxf6 {[%emt 0:00:00]} 44. exf6+ {[%emt 0:00:00]} Kxf6 {[%emt 0:00:00]} 45. Kf2 {[%emt 0:00:00]} Bc4 {[%emt 0:00:00]} 46. Ba4 {[%emt 0:00:00]} Kg5 {[%emt 0:00:00]} 47. Ke3 {[%emt 0:00:00]} Bf1 {[%emt 0:00:00]} 48. Kf2 {[%emt 0:00:00]} Bc4 {[%emt 0:00:00]} 49. Ke3 {[%emt 0:00:00]} f6 {[%emt 0:00:00]} 50. Bd7 {[%emt 0:00:00]} e5 {[%emt 0:00:00]} 51. f4+ {[%emt 0:00:00]} exf4+ {[%emt 0:00:00]} 52. Kf3 {[%emt 0:00:00]} Bb3 {[%emt 0:03:57]} 53. Bc8 {[%emt 0:00:00]} 1/2-1/2

[Event "CZE-ch Junior 2020"]
[Site "Kouty nad Desnou"]
[Date "2020.03.12"]
[Round "9.2"]
[White "Mica, Marek"]
[Black "Riha, Vojtech"]
[Result "1/2-1/2"]
[WhiteElo "2306"]
[BlackElo "2306"]
[Annotator "TA"]
[PlyCount "61"]
[EventDate "2020.03.07"]
[EventType "swiss"]
[EventCountry "CZE"]
[SourceTitle "playchess.com"]
[Source "ChessBase"]
[SourceQuality "1"]

{[%evp 20,61,35,26,39,32,62,0,10,-12,-9,-22,0,0,0,0,6,0,0,-35,40,28,29,-54,-19,-4,6,-27,0,-20,60,35,65,58,49,31,41,5,3,0,7,18,17,22]} 1. d4 Nf6 2. c4 g6 3. Nf3 Bg7 4. g3 d6 5. Nc3 O-O 6. Bg2 c6 7. O-O Qa5 8. e4 e5 9. d5 cxd5 10. cxd5 b5 11. Re1 Bd7 {E62: King's Indian: Fianchetto: 6...c6 and Panno Variation (6...Nc6) without ...a6.} 12. a3 b4 13. Na2 bxa3 {[#]} 14. Bd2 $146 ({Predecessor:} 14. Nc3 Qb6 15. Rxa3 Na6 16. Nd2 Rfc8 17. Nb3 Nc5 18. Na5 Ne8 19. Na2 f5 20. exf5 gxf5 {1-0 (42) Dizdarevic,E (2505)-Sale,S (2370) Osijek 1992}) 14... Qb6 15. bxa3 Ng4 16. Rf1 $1 Na6 17. Rb1 Qc7 18. Qe2 Nc5 19. Rfc1 f5 ({Better is} 19... Rfb8 $15) 20. Ng5 $1 $36 {[%mdl 2048] White is more active.} Qd8 21. f3 (21. Ne6 $11 Nxe6 22. dxe6 Bxe6 23. exf5 Bxa2 24. Rb2) 21... Nf6 (21... f4 $5 {[%cal Rd8g5]} 22. Ne6 Nxe6 23. dxe6 Bxe6 $11) 22. Nc3 f4 23. Nh3 g5 24. Nf2 fxg3 (24... Rb8 $11) 25. hxg3 Nh5 26. Kh2 $1 Qf6 27. Ng4 Qg6 $1 28. Bh3 Nf6 {The position is equal.} 29. Nxf6+ Rxf6 30. Bxd7 Nxd7 31. Rh1 {Accuracy: White = 75%, Black = 69%.} 1/2-1/2